• 首页
  • 本馆介绍
  • 公告通知
  • 最新文献
  • 馆藏检索
  • 电子资源
  • 读者导购
  • 参考咨询
  • 我的图书馆
  • 登录
  • 详细信息显示
  • 放入我的书架
  • 预约/预借图书
  • 作者相关作品
  • 分类相关作品
  • 丛书相关作品
  • 出版社相关作品

书目信息

  • 表格格式
  • 工作单格式
  • 卡片格式
题名:
施工技术安全与管理研究
    
 
作者: 胡文锋, 著
分册:  
出版信息: 长春   吉林科学技术出版社  2022.05
页数: 239页
开本: 21cm
丛书名:
单 册:
中图分类: TU714
科图分类:
主题词: 建筑施工--jian zhu shi gong--安全管理
电子资源:
ISBN: 978-7-5578-9327-9
000 01046nam0 2200253 450
001 CAL 012022036671
005 20230217093112.0
010    @a978-7-5578-9327-9@dCNY68.00
100    @a20221020d2022 em y0chiy0120 ea
101 0  @achi
102    @aCN@b220000
105    @ay a 000yy
106    @ar
200 1  @a施工技术安全与管理研究@Ashi gong ji shu an quan yu guan li yan jiu@f胡文锋著
210    @a长春@c吉林科学技术出版社@d2022.05
215    @a239页@d21cm
314    @a胡文锋, 大学本科学历, 高级工程师, 现就职于甘肃航空产业投资有限公司。
320    @a有书目 (第235-239页)
330    @a本书根据现行国家标准规范, 结合职业资格认证特点, 以安全管理技能为核心, 以胜任安全管理岗位为目标, 以安全管理流程为导向进行编写。全书主要包括施工现场安全检查、整改与事故处理、施工用电安全、施工机械设备使用安全管理、高处作业安全管理、施工安全资料管理等内容。
606 0  @a建筑施工@Ajian zhu shi gong@x安全管理
690    @aTU714@v5
701  0 @a胡文锋,@Ahu wen feng@f1979-@4著
801  0 @aCN@bBJXHZP@c20230228
905    @b1382380-3@dTU714@e2133@f4
    
    施工技术安全与管理研究/胡文锋著.-长春:吉林科学技术出版社,2022.05
    239页;21cm
    
    
    ISBN 978-7-5578-9327-9:CNY68.00
    本书根据现行国家标准规范, 结合职业资格认证特点, 以安全管理技能为核心, 以胜任安全管理岗位为目标, 以安全管理流程为导向进行编写。全书主要包括施工现场安全检查、整改与事故处理、施工用电安全、施工机械设备使用安全管理、高处作业安全管理、施工安全资料管理等内容。
●
相关链接 在E读中查询图书 在五车中查询图书 在当当中查询图书 在豆瓣中查询图书


正题名:施工技术安全与管理研究     索取号:TU714/2133         预约/预借

序号 登录号 条形码 馆藏地/架位号 状态 备注
1 1382380   213823807   第二样本阅览室/ [索取号:TU714/2133] 在馆    
2 1382381   213823816   第三借阅区/ [索取号:TU714/2133] 在馆    
3 1382382   213823825   第三借阅区/ [索取号:TU714/2133] 在馆    
4 1382383   213823834   第三借阅区/ [索取号:TU714/2133] 在馆    
唐山师范学院图书馆 欢迎您!
大连网信软件有限公司© 版权所有